[Event "Donetzk zt"]
[Site "Donetsk"]
[Date "1998.11.06"]
[Round "5"]
[White "Golubev, Mikhail"]
[Black "Moroz, Alexander"]
[Result "1-0"]
[WhiteElo "2515"]
[BlackElo "2490"]
[Annotator "Ribli,Z"]
[PlyCount "47"]
[EventDate "1998.11.02"]
[EventType "swiss"]
[EventRounds "11"]
[EventCountry "UKR"]
[SourceTitle "CBM 068"]
[Source "ChessBase"]
[SourceDate "1999.02.01"]
[SourceVersion "1"]
[SourceVersionDate "1999.02.01"]
[SourceQuality "1"]

1. e4 c5 2. Nf3 e6 3. d4 cxd4 4. Nxd4 a6 5. Bd3 Bc5 6. c3 {Eine relativ
seltene Fortsetzung. Die Hauptvariante ist 6.Nb3. Ribli.} Nc6 7. Be3 {[%cal
Rd4e6] [#]Jetzt droht das typische 8.Nxe6 mit Bauerngewinn.} (7. Nb3 Ba7 (7...
Be7 8. Qe2 Qc7 9. f4 d6 10. Be3 Nf6 11. N1d2 b6 12. O-O-O Nb4 13. Bb1 a5 14.
Qc4 Nc6 15. Nd4 Bd7 16. Nb5 Qb8 17. Qe2 Na7 18. Nxa7 Rxa7 19. Nc4 O-O {1/2-1/2
James,D-Aagaard,J/England 1997/CBM 64 ext (19)}) 8. O-O Nge7 9. Bf4 d6 10. N1d2
Ng6 11. Bg3 O-O 12. Kh1 b5 13. f4 Bb7 14. Nf3 Rc8 {0-1 Meszaros,T-Kiss,F/HUN
tt Csuti-Elektromos 1997 (52)}) (7. Nxc6 dxc6 8. O-O (8. e5 Ne7 9. Qe2 Ng6 10.
f4 O-O 11. Be3 Bxe3 12. Qxe3 Nxf4 13. Bxh7+ Kxh7 14. Qxf4 f6 {1/2-1/2 Mainka,
R-Bischoff,K/Bad Woerishofen 1997/CBM 57 ext (50)}) 8... e5 9. a4 Nf6 10. Bg5
h6 11. Bh4 Qe7 12. Nd2 g5 13. Bg3 h5 {1/2-1/2 Klovans,J-Chuchelov,V/Germany
1997/EXT 99 (52)}) 7... Qb6 $146 {Eine scharfe Fortsetzung, die praktisch
Material gewinnt. Ich glaube aber trotzdem, es wäre besser, die Entwicklung zu
beenden.} (7... Ba7 8. Nd2 Nf6 9. O-O O-O 10. N2f3 Ng4 11. Bg5 f6 12. Bh4 Bb8
13. Bg3 Nge5 14. Be2 d5 15. exd5 Qxd5 16. Nxe5 Nxe5 17. f4 Nc4 18. Bf3 Qc5 19.
Qe2 {1-0 Kurajica,B-Gerusel,M/Wijk aan Zee 1973/EXT 98 (42)}) 8. Nd2 $5 {
[%cal Gd2c4] [#]Weiß opfert den Bauern auf b2, aber er bekommt schnelle
Entwicklung.} (8. Qb3 Qxb3 9. axb3 Bxd4 10. cxd4 (10. Bxd4 Nxd4 11. cxd4 Ne7
$11) 10... Nb4 11. Kd2 Nxd3 12. Kxd3 d5 $11) (8. Qg4 g6 $13) 8... Qxb2 (8...
Nxd4 9. Nc4 Qa7 $8 10. b4 $5 {[%csl Rc5,Rd4]} (10. Bxd4 Bxd4 11. cxd4 Qxd4 12.
Be2 (12. e5 $44 {[%csl Yd6]}) 12... Qxd1+ 13. Rxd1 $44 {[%csl Yb6,Yd6] Weiß
hat Aktivität für den Bauern. Im Lager des Schwarzen sind besonders die
schwarzen Felder schwach.}) 10... d5 (10... b5 11. bxc5 bxc4 12. Bxd4 e5 13.
Bxe5 f6 14. Bxc4 fxe5 (14... Qxc5 15. Qd5 Qxd5 16. Bxd5 $18) 15. Qh5+ Kd8 16.
Qg5+ $40) 11. bxc5 dxc4 12. Bxd4 {[%cal Rd4h8]} e5 (12... cxd3 13. Bxg7 $18)
13. Bxe5 f6 14. Bxc4 Qxc5 (14... fxe5 15. Qh5+ $18 {[%csl Re8]}) 15. Bxg8 Qxe5
16. Qb3 $40) 9. O-O $44 {Weiß opfert einen weiteren Bauern am Damenflügel.}
Qxc3 (9... Nxd4 $2 10. cxd4 Bxd4 11. Rb1 (11. Nc4 $2 Qxa1 $17) 11... Qc3 12.
Nc4 {[%csl Rc3,Rd4]} Bxe3 13. fxe3 $18 {[%csl Gb1,Gc4,Gd3,Re8,Gf1][%cal Rc4d6,
Gf1f7] Weiß hat überzeugenden Angriff für die zwei Bauern. Der schwarze König
steht in der Mitte hilflos.}) 10. Nxc6 Bxe3 (10... dxc6 11. Nc4 Bxe3 (11... Be7
12. Rc1 {[%csl Rc3]} Qb4 (12... Qf6 13. e5 Qh4 14. Nb6 Rb8 15. Rc4 $18 {
[%csl Rh4][%cal Rc4h4]}) 13. a3 Qb5 14. Rb1 $18 {[%csl Rb5][%cal Rb1b5]} (14.
Nd6+ Bxd6 15. Bxb5 $18)) 12. fxe3 {Das ist mit Zugumstellung unsere
Partiefortsetzung.}) (10... Qxd3 11. Bxc5 $5 (11. Ne5 Qd6 12. Nxf7 Kxf7 13.
Qh5+ g6 14. Qxc5 Qxc5 15. Bxc5 $44 {[%csl Gc5]}) 11... bxc6 12. Rb1 $44 {
[%csl Gc5,Re8]} (12. Nc4 Qxd1 (12... Qxc4 13. Qd6 {[%csl Gc5,Gd6,Re8][%cal
Rc5f8]} Kd8 14. Qf8+ Kc7 15. Bd6+ $18) 13. Rfxd1 $44)) 11. fxe3 dxc6 (11...
Qxd3 12. Ne5 Qxe3+ 13. Kh1 {[%csl Rf7]} Nf6 (13... f6 14. Qh5+ $40) 14. Ndc4
Qc5 15. Nd6+ $16 {[%csl Gd6,Ge5,Rf7][%cal Rd6e8,Rd6f7,Re5f7]}) 12. Nc4 {
[%csl Gc4,Gd3,Gf1] [#]Weiß entfaltet gefährliche Initaitive für die zwei
Bauern. Der schwarze König und auch die Dame sind in großer Not.} Qb4 (12...
Nf6 13. e5 $16 {[%csl Gc4,Re8,Gf1,Rf7][%cal Rc4d6,Rd6e8,Rd6f7]}) 13. e5 {
[%csl Yd6]} f5 (13... Nh6 14. Nd6+ Ke7 15. Qh5 $40 {[%csl Gd6,Ge5,Re7,Gf1,Gh5]}
) 14. Nd6+ (14. exf6 $2 Nxf6 $17) 14... Kf8 15. Qh5 {[%cal Rh5f7]} g6 16. Qg5 {
[%cal Rg5d8]} Qa5 (16... Bd7 $6 17. Rab1 $16 {[%cal Rb1b7,Rb7g7]}) 17. g4 $1
$16 {Weiß mobilisiert alle Reserven. Die schwarze Stellung ist kritisch.} Kg7 (
17... Qc7 18. gxf5 exf5 19. Bxf5 gxf5 (19... Bxf5 20. Rxf5+ gxf5 21. Qxf5+ $18)
20. Rxf5+ Bxf5 21. Qxf5+ Kg7 22. Qg5+ Kf8 23. Rf1+ $18) (17... Qxe5 $2 18. Qd8+
Kg7 19. Qc7+ {[%csl Re5,Rg7][%cal Gc7e5]} Kf8 (19... Kh6 20. Nf7+ $18) 20. Qf7#
) 18. gxf5 exf5 {[#]} 19. Rxf5 $1 {Das weiße Spiel in dieser Partie erinnert
mich an den Stil Paul Morphys.} Bxf5 (19... Be6 20. Rf6 $18 {[%csl Gd6,Ge5,Re6,
Gf6,Gg5,Rg7]} Nxf6 21. exf6+ {[%cal Rf6g7,Rg5a5]}) 20. Nxf5+ Kf8 21. Nd6 {
[%csl Gd6,Ge5,Rf8,Gg5][%cal Ra1f1,Rf1f8] Es droht das tödliche Turmschach auf
f1.} Kg7 22. Rf1 $18 {[%cal Rf1f7] Die schwarze Stellung ist nicht
verteidigungsfähig.} Qc7 (22... Qxa2 23. Bc4 $18) 23. Nf5+ {Dieser Zug gewinnt
leicht, aber es gibt auch schon eine andere Lösung.} (23. e6 $18 {[%cal Rf1f7]}
) 23... Kf8 24. Nd4+ {Und Schwarz gab in verlorener Stellung auf. Eine schöne
Partie von Golubev.} (24. Nd4+ Ke8 (24... Qf7 25. Rxf7+ Kxf7 26. e6+ $18) 25.
Bxg6+ hxg6 26. Qxg6+ Kd7 27. Qe6+ $18) 1-0

[Event "Hoogovens-B"]
[Site "Wijk aan Zee"]
[Date "1996.01.26"]
[Round "9"]
[White "Stripunsky, Alexander"]
[Black "Nijboer, Friso"]
[Result "0-1"]
[WhiteElo "2495"]
[BlackElo "2475"]
[Annotator "Ribli,Z"]
[PlyCount "83"]
[EventDate "1996.01.16"]
[EventType "tourn"]
[EventRounds "11"]
[EventCountry "NED"]
[EventCategory "10"]
[SourceTitle "CBM 052"]
[Source "ChessBase"]
[SourceDate "1996.06.01"]
[SourceVersion "1"]
[SourceVersionDate "1996.06.01"]
[SourceQuality "1"]

1. e4 c5 2. Nf3 e6 3. d4 cxd4 4. Nxd4 a6 5. Bd3 g6 6. O-O Bg7 7. Nb3 Nc6 $5 {
Ich meine, daß dieser Zug genauer ist als 7...Ne7. Einige Tage später spielte
Nijboer diese Variante erfolgreich mit Weiss gegen Bologan.} 8. f4 $146 (8. c4
$5) 8... d5 $5 {Der Nachziehende will die Lage im Zentrum klären. Die Idee des
ganzen schwarzen Aufbaus besteht darin, d7-d5 in einem günstigen Moment
durchzusetzen.} 9. e5 (9. exd5 Qxd5 (9... exd5 $2 10. f5 $36) 10. Nc3 Qd8 {
/\ Nge7, 0-0 =}) 9... f6 $5 {Jetzt merken wir schon, warum 7...Nc6 die
richtige Zugfolge ist.} 10. Qe2 (10. exf6 Nxf6 $13) 10... fxe5 11. fxe5 Nh6 $5
{/\ Nf7,0-0 ><e5 Schwarz wählt eine sichere Fortsetzung.} (11... Nxe5 12. Nc3
Nxd3 13. cxd3 Nf6 14. Bg5 $44) 12. Bxh6 Bxh6 13. N1d2 Qb6+ 14. Kh1 Qe3 $1 15.
Qg4 {Dieses Bauernopfers ist ein zweischneidiger Versuch, die Stellung zu
verschärfen.} (15. Qxe3 Bxe3 $15 {Schwarz hat das Läuferpaar. Der weiße
e5-Bauern ist schwach.}) 15... Nxe5 16. Qb4 Nc6 (16... Bf8 $2 17. Qc3 $16 {
/^ c3-h8}) 17. Qh4 Qg5 18. Qf2 Ne5 (18... Rf8 $5) 19. Rae1 Rf8 20. Qd4 Nc6 21.
Qb6 (21. Rxf8+ Bxf8 22. Qh8 Qe7 $15) 21... Rxf1+ 22. Rxf1 Qe3 $1 {In dieser
Partie versucht Schwarz schon zum zweitemal mit diesem Zug die Dame zu
tauschen.} 23. Qc7 Bd7 $1 24. a4 (24. Qxb7 $4 Ra7 $19) 24... Qe5 $1 {[#] Die
entscheindende Feinheit. Nun kann Weiss nur zwischen zwei ungünstige
Möglichkeit wählen: 1.Er tauscht die Damen und verliert bald die Partie im
Endspiel. 2.Er behält die Damen und verliert forciert eine Figur.} 25. Qxb7 Ra7
26. Qb6 Be3 $1 27. Nc5 Bxd2 28. Nxd7 Kxd7 $1 29. Rf7+ Kd6 30. Rf8 (30. Rxa7
Qe1+ 31. Qg1 Qxg1+ 32. Kxg1 Nxa7 $19) 30... Ba5 31. Qb3 Qe3 32. Rf3 Qc5 33. c3
Bb6 34. Rf1 Rf7 35. Re1 Ne5 36. Be2 a5 37. Qd1 Rf2 38. b4 axb4 39. cxb4 Qxb4
40. Bb5 Qd4 41. Qc1 Qd2 42. Qa1 {Ich finde es immer besonders schön, wenn
jemand dieselbe Variante mit beide Farbe gewinnt (vgl.7...Ne7).} 0-1

[Event "Escaldes zt"]
[Site "Escaldes"]
[Date "1998.11.14"]
[Round "9"]
[White "Dorfman, Josif D"]
[Black "Comas Fabrego, Luis"]
[Result "1-0"]
[WhiteElo "2585"]
[BlackElo "2540"]
[Annotator "Ribli,Z"]
[PlyCount "99"]
[EventDate "1998.11.06"]
[EventType "swiss"]
[EventRounds "9"]
[EventCountry "AND"]
[SourceTitle "CBM 068"]
[Source "ChessBase"]
[SourceDate "1999.02.01"]
[SourceVersion "1"]
[SourceVersionDate "1999.02.01"]
[SourceQuality "1"]

1. e4 {Das ist eine Überraschung. Dorfman beginnt die Partie selten mit 1.e4.
Ribli.} c5 2. Nf3 e6 3. d4 cxd4 4. Nxd4 a6 5. Bd3 Qc7 6. O-O Nf6 7. Re1 {
Eine seltene Fortsetzung. Ich denke, daß der Turm etwas unnatürlich auf e1
steht und das traditionelle 7.Qe2 dem Weißen bessere Chancen bietet.} d6 (7...
Bc5 8. Be3 (8. c3 d6 9. Nd2 O-O 10. N2b3 Ba7 11. Bg5 Nbd7 12. c4 Ne5 13. Rc1
Kh8 14. Bb1 Bd7 {1/2-1/2 Szalanczy,E-Kochyev,A/Budapest 1988/CBM 09 (40)}) 8...
O-O (8... d6 9. Nc3 O-O 10. Nb3 Bxe3 11. Rxe3 e5 12. Be2 Be6 {0-1 De Rooi,
P-Filip,M/Beverwijk 1964/EXT 99 (39)}) 9. Nd2 d6 10. c3 Nbd7 11. Bc2 b5 12. Rc1
Bb7 13. Bb1 Ba7 14. Bg5 Rac8 {0-1 Keres,P-Vasiukov,E/Baku 1961/URS-ch (46)}) 8.
b3 Be7 9. c4 {Weiß kontrolliert mehr Raum, aber Schwarz hat keine besonderen
Probleme.} Nc6 (9... O-O 10. Bb2 Nbd7 11. Nd2 Re8 12. Rc1 Bf8 13. N4f3 Ng4 14.
h3 Nge5 15. Nxe5 dxe5 16. Qc2 b6 17. a3 Nb8 18. b4 a5 19. Bc3 axb4 20. axb4 Nc6
21. Qb2 Qd6 22. Bf1 Nxb4 23. Bxe5 Qe7 24. Ra1 Bb7 $11 {1-0 Meijers,V-Chuchelov,
V/Schwaebisch Gmund 1996/EXT 98 (57)}) 10. Nxc6 (10. Bb2) 10... Qxc6 $6 (10...
bxc6 {Dieser Zug erscheint mir natürlicher.} 11. Bb2 e5 $11 (11... O-O $6 12.
e5 dxe5 13. Bxe5 $14 {Und Weiß hat die bessere Bauernstruktur.})) 11. Bb2 b6 {
[#]} 12. Be2 $1 {[%cal Ge2f3,Gf3a8] Weiß nutzt die Möglichkeit und führt den
Läufer auf die lange Diagonale.} (12. Nc3 Bb7 13. Rc1 O-O $11) 12... O-O (12...
Bb7 $5 13. Bf3 Qc8 (13... Qc7 14. e5 dxe5 15. Bxe5 $14) 14. Nc3 O-O 15. Na4 Nd7
16. Qd4 e5 17. Qd2 $14 {[%csl Yd5]}) (12... Nxe4 $6 13. Bf3 d5 14. cxd5 exd5
15. Nc3 $5 (15. Nd2) 15... Nxc3 16. Bxc3 Be6 (16... Qxc3 17. Qxd5 {[%csl Ra8,
Rc3,Gd5,Re8]} Ra7 (17... Rb8 18. Qd6 $18 {[%csl Re8][%cal Rd6e7,Rd6b8]}) 18.
Rac1 Qxc1 19. Rxc1 O-O $16) 17. Bxg7 Rg8 18. Rc1 $16) 13. Bf3 e5 (13... Bb7 $4
14. e5 $18) 14. Nc3 $14 {Schwarz hat eine dauerhafte Schwäche auf d5 und sein
e7-Läufer hat keine rosige Zukunft.} Bd7 {[%csl Yd5]} (14... b5 $5 15. cxb5
axb5 16. Rc1 $14 (16. Nd5 Nxd5 17. exd5 Qb6 18. Bd4 (18. Bxe5 dxe5 19. d6 {
[%cal Rd6e7,Rf3a8]} Bh4 $132 {[%cal Rh4f2,Rf2e1,Rb6f2,Rf2g1]}) 18... Qa5 $11 (
18... Qxd4 19. Qxd4 exd4 20. Rxe7 $14))) 15. Be2 Qb7 16. a4 {Das einzige
mögliche schwarze Gegenspiel ist verhindert.} Rfd8 17. Bd3 Bf8 18. Bc1 {
Weiß verbessert seine Läuferstellung, denn der Läufer steht wirklich nicht gut
auf b2.} Bg4 $6 {Schwarz provoziert den für Weiß sowieso nützlichen Zug 19.f3.}
(18... Be6) 19. f3 Be6 20. Be3 {[%csl Ge3]} Rdc8 21. Bf1 {Der weiße Läufer
steht auf f1 gut, im Falle von eventuellem b3-b4 verteidigt er den Bauern auf
c4.} Nd7 {[%cal Gd7c5]} 22. Re2 {[%cal Ge2d2,Gd1d7]} Nb8 (22... Nc5 23. Rd2 $14
) 23. Nd5 {[%csl Rb6]} Bxd5 24. cxd5 {[%csl Ge3,Gf1] Jetzt ist die
Bauernstellung symmetrisch und mit Läuferpaar und Raumvorteil hat Weiß
dauerhafte Initiative.} (24. exd5 a5 {[%cal Gb8a6,Ga6c5,Ga6b4]} 25. Rf2 Na6 26.
Bd3 $14) 24... Nd7 (24... a5 25. Rc2 Nd7 26. Bb5 $16 {[%csl Yc6]}) 25. b4 Be7 (
25... a5 26. Rb2 $16 {[%cal Gb2b7]}) 26. Rc2 Rxc2 $8 (26... h6 27. Rac1 Rxc2
28. Qxc2 $16) 27. Qxc2 Rc8 28. Qd2 h6 29. Rc1 (29. a5 b5) 29... Rxc1 30. Qxc1 {
[%csl Yc6][%cal Rc1c6] Weiß entfaltet nachhaltige Initiative. Schwarz hat kein
Gegenspiel.} Nb8 $8 {Sonst kommt 31.Qc6 mit überlegener Stellung für Weiß.} 31.
g3 {[%cal Gf1h3,Gh3c8]} Bd8 32. Bh3 Qc7 33. Qxc7 {Weiß muß die Damen tauschen,
um kein schwarzes Gegenspiel in der c-Linie zuzulassen.} Bxc7 {[#]} 34. f4 $1 (
34. Bc8 Kf8) 34... Kf8 (34... f6 {Dieser Zug sieht schrecklich aus, ist aber
konsequent. Schwarz möchte die Bauernstruktur symmetrisch halten.} 35. Be6+ Kf8
36. Kg2 $14 {[%csl Ge6]}) 35. fxe5 dxe5 {[%csl Gd5] Jetzt besitzt Weiß einen
gefährlichen gedeckten Freibauern auf d5.} 36. Kf2 Ke7 37. Ke2 Bd6 $6 (37...
Nd7 $5 38. Bxd7 Kxd7 39. b5 axb5 40. axb5 h5 $14) (37... b5 $6 38. axb5 axb5
39. Bc5+ $14) 38. b5 axb5 39. axb5 Bc7 40. Bg4 $22 {Ein schlauer Zug. Weiß
verhindert die Möglichkeit ...h5 / ...g6 und es ist schwierig für Schwarz,
einen nützlichen Zug zu finden.} Nd7 {[%cal Gd7c5]} 41. Bxd7 $1 {[#]Ein sehr
starker Zug! Weiß gibt das Läuferpaar auf, denn im verbleibenden Endspiel hat
er klar bessere Aussichten. Er hat einen starken gedeckten Freibauern auf d5
und Schwarz ist stets an die Verteidigung des schwachen b6-Bauern gebunden.}
Kxd7 42. Kf3 {[%cal Gf3g4,Gg4f5]} h5 43. g4 $1 hxg4+ $6 (43... g6 $5 44. gxh5
gxh5 45. Bg5 Kd6 $14) 44. Kxg4 {[%csl Gg4] Der weiße König steht sehr aktiv am
Königsflügel.} Kd6 45. h4 g6 46. h5 $16 gxh5+ (46... f5+ 47. exf5 gxf5+ 48.
Kxf5 Kxd5 49. h6 e4 50. Bf4 $18) 47. Kxh5 {[%csl Gh5] Das Eindringen des
Königs ist tödlich für Schwarz.} f5 (47... Ke7 48. Kg5 Bd8 49. Kf5 {[%csl Gb5,
Rb6,Gd5,Ge4,Re5,Gf5]} Kd6 50. Bf2 $22 Bc7 51. Bh4 (51. Bg3 $18) 51... Kc5 (
51... Kd7 52. Bf6 $18) 52. Be7+ Bd6 53. Bxd6+ Kxd6 54. Kf6 $18) 48. exf5 Kxd5
49. f6 $18 {Der starke f-Bauer entscheidet die Partie.} Kc4 (49... Ke6 50. Kg6
Bd6 51. Bxb6 $18) 50. Bxb6 $1 {Und Schwarz gab auf . Der Läufer kann nicht
gleichzeitig zwei Bauern aufhalten.} (50. Bxb6 Bxb6 (50... Bd6 51. Bc7 (51. Bd8
Kxb5 52. Be7 Kc6 53. Bxd6 Kxd6 54. Kg6 $18 {[%csl Gf6]}) 51... Bxc7 52. f7 Bd6
53. b6 Kb5 54. b7 Kc6 55. b8=Q $18) 51. f7 Bc5 52. b6 $18) 1-0

[Event "Ubeda op 5th"]
[Site "Ubeda"]
[Date "2000.01.23"]
[Round "5"]
[White "Dolmatov, Sergey"]
[Black "Kovacevic, Slobodan"]
[Result "1-0"]
[WhiteElo "2615"]
[BlackElo "2415"]
[Annotator "Ribli,Z"]
[PlyCount "71"]
[EventDate "2000.01.19"]
[EventType "swiss"]
[EventRounds "10"]
[EventCountry "ESP"]
[SourceTitle "CBM 075"]
[Source "ChessBase"]
[SourceDate "2000.04.05"]
[SourceVersion "1"]
[SourceVersionDate "2000.04.05"]
[SourceQuality "1"]

1. e4 c5 2. Nf3 e6 3. d4 cxd4 4. Nxd4 a6 5. Bd3 Nf6 6. O-O d6 {Auf den ersten
Blick ist 6...d6 eine etwas bescheidene Fortsetzung, aber Schwarz hat so seine
Ideen. In letzter Zeit wurde diese Variante von den Großmeistern Rublevsky und
Milov gespielt.} 7. c4 Bd7 {Schwarz möchte Nc6 spielen und im Falle von Nxc6
mit Bxc6 antworten. Er hat eine etwas passive, aber verteidigungsfähige
Stellung.} 8. Nc3 Nc6 9. Nxc6 (9. Nc2) (9. Be3) 9... Bxc6 10. Qe2 (10. b3 Be7
11. Bb2 O-O 12. Qe2 Qa5 $5 13. Rad1 (13. a3 Qh5 14. f3 Rfe8 $11 15. b4 $6 d5)
13... Qh5 14. Qxh5 Nxh5 15. Ba3 Rfd8 16. Bb1 Nf4 $1 17. g3 {1/2-1/2 Almasi,
Z-Milov,V/Groningen 74/194 1998}) 10... Be7 11. Rd1 {Dieser Zug ist logischer
als die oft gespielte Alternative 11.b3. Weiß bereitet seinen Plan vor, mit 12.
Bf4 gegen den Pd6 zu spielen.} (11. b3 O-O 12. Bb2 Qa5 13. Rad1 (13. f4 Qh5 14.
Qxh5 Nxh5 15. Rad1 Rfd8 16. Be2 Nf6 17. Bf3 Nd7 18. Ba3 Nc5 19. Kf2 b6 20. Rd2
{1/2-1/2 Almasi,Z-Rublevsky,S/Jugoslavija 1997/Inf 70 (20)}) (13. Rfd1 Rfe8 14.
Rac1 Qg5 $11) 13... Qh5 14. Qxh5 Nxh5 15. Ba3 Rfd8 16. Bc2 Nf4 17. g3 Ng6 18.
Ne2 b5 19. Nd4 Be8 {1/2-1/2 Dominguez,L-Kovacevic,S/Lisbon POR 1999 (31)}) (11.
Bf4 O-O 12. Rfd1 Nd7 13. Rac1 Ne5 14. Bb1 (14. c5 Qb8 15. cxd6 Bxd6 16. Bg3 Rd8
17. Bc2 b5 18. Bb3 Ng6 19. e5 Be7 20. Rxd8+ Qxd8 21. Ne4 Bxe4 22. Qxe4 Rc8 {
0-1 Klovans,J-Milov,V/Biel 1999/EXT 2000 (36)}) 14... Qb8 15. Bg3 (15. b3 Rc8
16. a4 b6 17. h3 g6 18. Bh6 Nd7 19. Nd5 Bxd5 20. cxd5 e5 21. Rc6 Nc5 22. b4
Nxa4 23. Rdc1 Re8 24. Qf3 Bf8 25. Bxf8 {1/2-1/2 Luther,T-Gheorghiu,F/Lenk 1999/
EXT 2000 (25)}) 15... Rc8 16. c5 Be8 17. f4 Ng6 18. cxd6 Bxd6 19. e5 Bc7 20.
Kh1 Bc6 21. h4 Ne7 22. h5 h6 23. Kh2 Rd8 24. Bh4 Rxd1 25. Rxd1 Qe8 26. Ne4 Kh8
27. Nf6 Qf8 28. Qc2 Nf5 29. g4 {[#]} Qb4 $1 {0-1 Korneev,O-Rublevsky,S/St.
Petersburg 1996/CBM 52/}) 11... Qa5 {Schwarz geht Motiven auf der d-Linie aus
dem Weg und möchte eventuell mit Qh5 die Damen tauschen.} (11... Nd7 12. Bf4
Ne5 13. c5 Qb8 14. Bxe5 dxe5 15. b4 O-O 16. Bc4 Rd8 17. Rxd8+ {1/2-1/2 Huebner,
R-Gheorghiu,F/SWZ 1999/EXT 2000 (17)}) 12. Bf4 (12. a3 O-O 13. Be3 Rfc8 14. f3
Rab8 15. b4 Qc7 16. Rac1 Be8 17. f4 Ra8 18. Bd4 g6 19. e5 Nh5 20. g3 b6 21. f5
dxe5 22. Bxe5 Qb7 23. g4 Nf6 24. fxe6 fxe6 25. Rf1 {1-0 Korneev,O-Kovacevic,S/
VII Anibal Open, Linares ESP 2000 (35)}) 12... O-O 13. a3 {Weiß möchte
anschließend mit b2-b4 weiteren Raum gewinnen.} Rfe8 {Damit weicht Schwarz von
einer eigenen früheren Partie ab.} (13... Qh5 14. Qxh5 Nxh5 15. Be3 Nf6 16. f3
Nd7 17. Bf1 Rfd8 18. b4 b6 19. Ra2 Kf8 20. Rad2 g5 21. Bf2 f6 22. Ne2 Kf7 23.
Nd4 Bb7 24. c5 $1 bxc5 25. Nxe6 Kxe6 26. Bc4+ d5 27. Rxd5 Bxd5 28. Bxd5+ Kd6
29. Bxa8+ {1-0 Korneev,O-Kovacevic,S/Navalmoral 1999/CBM 73 ext (47)}) 14. h3
$1 {[%mdl 32] Ein sehr starker profilaktischer Zug, nach dem Schwarz - im
Falle von Qh5 - Probleme bei der Platzierung der Dame bekommt.} Qh5 15. Qe3 $14
{Dank 14.h3! kann Schwarz jetzt nicht 15...Ng4 ziehen.} Nd7 $2 {[%mdl 16384]} (
15... Rad8 $14) 16. Be2 Qc5 $8 17. Qg3 Qb6 (17... Ne5 $2 18. b4 Qa7 (18... Qb6
19. Bxe5 (19. c5 $18 {[%csl Re5]}) 19... dxe5 20. b5 $18 {[%csl Rc6]}) 19. Bxe5
dxe5 20. b5 $18 {[%csl Rc6]}) (17... e5 $2 18. Bh6 Bf8 19. b4 Qa7 20. b5 $18 {
[%csl Rc6]}) 18. b4 {Der Bc6 steht unglücklich - es droht der sofortige Gewinn
mit 19.b5.} Nf6 19. Bxd6 Bxe4 (19... Nxe4 $2 20. Nxe4 Bxe4 21. Bxe7 Rxe7 22.
Qh4 $18 {[%cal Rh4e4,Rh4e7]}) 20. Be5 {Weiß hat gutes Figurenspiel und eine
starke Bauernmajorität am Damenflügel.} (20. Bxe7 $6 Rxe7 21. Nxe4 Nxe4 22. Qh4
Nf6 23. Rd3 $14) 20... Bg6 $8 (20... Bc6 21. Bd4 $18 {[%csl Rb6]}) 21. c5 {
[%csl Rb6]} Qa7 (21... Qc6 22. Bf3 Qc8 23. Ne4 $16) 22. Qe3 Bc2 $6 (22... Rad8
$14) 23. Rd2 $16 Bb3 (23... Bg6 24. Rad1 $16) 24. Nb5 $1 {Mit dieser kleinen
Kombination kommt Weiß zu deutlichem Positionsvorteil.} axb5 25. Qxb3 Qa4 $2 (
25... Qa6 $16) 26. Qxa4 bxa4 27. Bf3 Nd5 (27... Ra7 28. Rad1 $16) 28. Bxd5 exd5
29. Rxd5 {Weiß hat einen Mehrbauern und übt positionellen Druck aus. Die
Bauern b4 und c5 sind gefährlich.} Rad8 30. Rad1 Rxd5 31. Rxd5 Rd8 $6 (31... f6
32. Bg3 $16) 32. Rxd8+ Bxd8 33. b5 $18 {[%csl Gb5,Gc5] Droht einfach c6-c7 und
Schwarz bleibt keine Verteidigung.} f6 34. Bb8 Be7 35. c6 bxc6 36. bxc6 {
Droht Bauernumwandlung - Schwarz muss den Läufer geben, deshalb gab er auf.}
1-0